| 000 | 00814nam#a2200193#c#4500 | ||
|---|---|---|---|
| 999 |
_c107675 _d107675 |
||
| 003 | IEF | ||
| 005 | 20250303182839.0 | ||
| 007 | ta | ||
| 008 | 941205s1943 sp fr | 0||u|spa |u | ||
| 040 |
_aES-MaIEF _bspa _cES-MaIEF |
||
| 100 | 1 |
_aFabregas del Pilar y Díaz de Cevallos, José María _914894 |
|
| 245 | 1 | 0 |
_aProcedimiento en las reclamaciones económico-administrativas _bderecho procesal contencioso de las hHciendas públicas (estado, provincia y municipio) : (doctrina, legislación, jurisprudencia y formularios) _c José María Fábregas del Pilar y Díaz de Cevallos |
| 260 |
_aMadrid _bInstituto Editorial Reus _c1943 |
||
| 300 |
_a680 p. _c23 cm |
||
| 650 | 4 |
_aRECLAMACION ECONOMICO ADMINISTRATIVA _948200 |
|
| 650 | 4 |
_aPROCEDIMIENTO ECONOMICO ADMINISTRATIVO _948140 |
|
| 942 | _cLIB | ||